000 00591nam a2200205Ia 4500
003 OSt
005 20250507144057.0
008 210210b1973 xxu||||| |||| 00| 0 eng d
040 _cAL
041 _aKannada
082 _aK894.2 SVAM
100 _aSVAMI (B S).
_dಸ್ವಾಮಿ (ಬಿ ಎಸ್)
_9209586
245 _aMuru natakagalu..
_bಮೂರು ನಾಟಕಗಳು
260 _aBengaluru
_bSanmitra Prakashana
_c1973
300 _avi,64
650 _aNanyaru Kalavide Mugiyada Kadambari
_9209587
690 _aKannada Drama
_9209588
906 _a031234
942 _2ddc
_cBK
999 _c82313
_d82313